| 000 | 00829cab a2200181 4500 | ||
|---|---|---|---|
| 001 | L130386 | ||
| 008 | 050722n2005 000 0 eng u | ||
| 035 | _a(Sirsi) u130386 | ||
| 041 | _aeng | ||
| 100 | _aWood, Dawn | ||
| 245 | _aPrimary numbers | ||
| 260 | _c2005 | ||
| 490 |
_aQS Week _v13 July 2005, 12-13(2) |
||
| 520 | _aData from the Building Cost Information Service (BCIS) on capital costs for primary schools. The figures reflect the greater level of uncertainty in refurbishing as opposed to new build. A group elemental breakdown show that services costs are a close second to superstructure costs and that occupancy costs are greater than maintenance costs. List of recent projects from the BCIS database. Graphs and tables. | ||
| 590 | _aIKA020805 | ||
| 690 | _aBUILT ENVIRONMENT-BUILDING COSTS | ||
| 942 | _n0 | ||
| 999 |
_c75589 _d75589 |
||